000 01129nam0a2200301 4500
001 RU\NLR\bibl\1118930
005 20250615064158.0
010 _a978-5-364-00511-3
_9500
021 _aRU
_b2007-45880
_92446
035 _a(NLR Aleph) 001105922
090 _a1207664
_c1207664
100 _a20070820d2007 |||y0rusy50 ca
101 0 _arus
102 _aRU
105 _aa |||||||||
200 1 _aПроблемы реструктуризации в национальной экономике
_eмонография
_fА.Е. Миськов
210 _aМосква
_cКомпания Спутник+
_d2007
215 _a183 с.
_cил.
_d21
320 _aБиблиогр.: с. 170-183 (155 назв.) и в подстроч. прим.
606 1 _aНациональная экономика
_yРоссийская Федерация
_92130809
_3RU\NLR\auth\661285519
686 _aУ03(2Р)74
700 1 _aМиськов
_bА. Е.
_gАндрей Егорович
_4070
801 0 _aRU
_bNLR
_c20070820
_gRCR
801 1 _aRU
_bNLR
_c20070820
830 _aавт. по кн.
942 _cBOOK
980 _aNB